Телевидение вчера сегодня завтра; Вып. 1

Бібліографічні деталі
Інші автори: Ефимов Э. (составитель)
Мова:Російська
Опубліковано: Москва, Искусство, 1981
Предмети:
Формат: Книга
KOHA link:https://koha.lib.tpu.ru/cgi-bin/koha/opac-detail.pl?biblionumber=363771

MARC

LEADER 00000nam0a2200000 4500
001 363771
005 20231102011625.0
035 |a (RuTPU)RU\TPU\retro\21118 
090 |a 363771 
100 |a 20211011d1981 km y0rusy50 ca 
101 0 |a rus 
102 |a RU 
105 |a y z 001zy 
200 1 |a Телевидение вчера сегодня завтра  |h Вып. 1  |f сост. Э. Ефимов 
210 |a Москва  |c Искусство  |d 1981 
215 |a 272 с. 
320 |a Библиография в ссылках 
606 1 |a Телевизионная журналистика  |2 stltpush  |3 (RuTPU)RU\TPU\subj\38042  |9 58759 
610 1 |a телевидение 
610 1 |a теория 
610 1 |a средства массовой информации 
610 1 |a телевизионные передачи 
610 1 |a телезрители 
610 1 |a зарубежный опыт 
675 |a 654.1  |v 4 
686 |a 654.1  |v LBC/SL-A  |2 rubbk 
702 1 |a Ефимов  |b Э.  |4 220 
801 1 |a RU  |b 63413507  |c 20211011 
942 |c BK